00322nam a2200109 a 450000500170000000800410001702000220005805000220008010000190010224500580012126000330017920140414131929.0101103s19uu xx 00 eng d a978-0-06-164993-6 aM 790.6bIg3 2008 aIggulden, Gonn aThe pocket dangerous book for boys :bthings to know. aNew York :bCollins,c2008.